000 00660nam a22001937a 4500
005 20240212143903.0
010 _aENG-139188
020 _c689.00
_a9789354491207
035 _aEN-122720
037 _bDBAD/PUB
082 _a658.4013
_24
100 _aCharantimath, Poornima M
_961923
245 _aTotal Quality Management/
_cBy Poornima M Charantimath
250 _a4
260 _aUttar Pradesh
_bPearson India Education Pvt Ltd
_c2022
270 _bUttar Pradesh
_a15th FLoor, Tower-B, World Trade Tower, Plot No.1, Block- C, Sector-16, Noida
_e201301
300 _axxxii,510p.
_c25cm(pb)
_bIndex
942 _2ddc
_cEN
_h658.4013
_mCHA
_e4
999 _c200674
_d200674